000 00546nam a2200229Ia 4500
003 OSt
005 20220924150336.0
006 a|||||r|||| 00| 0
007 ta
008 220923b |||||||| |||| 00| 0 tel d
024 _a332792
037 _cTextual
040 _aARTS
_cARTS
_btel
041 _2tel
_atel
082 _aO35,1M95:g, N0
100 _aRao
245 0 _aViswanande desa bhakti
260 _c1990
650 _aTELUGU POETRY
942 _hO35,1M95:g, N0
_cTEXL
_2CC
999 _c463001
_d463001